000 00581nam a2200157 i 4500
001 168329
003 ES-MaACL
005 20230906213741.0
008 080312s1912 fr |||| | fre d
080 _a913(620)(036)
245 0 0 _aProgramme des arrangements pour la visite de L'Égypte, le Nil, le Soudan etc. avec cartes, illustrations et plans des bateaux à vapeur touristes de 1re classe.
260 _aParis :
_bCook & Son,
_c[1912?]
300 _a81 p., [3 ] h. de map. :
_bil. ;
_c21 cm.
651 4 _aEgipto-
_vGuías turísticas.
_98142
852 _aES-MaACL
_jT-1408-F-1
999 _c168329
_d168329